Odmeňovanie zamestnancov podniku diplomová práca

Salvato in:
Dettagli Bibliografici
Autore principale: Hajníková, Andrea
Ente Autore: Ekonomická univerzita v Bratislave. Fakulta podnikového manažmentu
Altri autori: Fabian, Peter
Natura: Libro
Lingua:slovacco
Pubblicazione: Bratislava 2010
Tags: Aggiungi Tag
Nessun Tag, puoi essere il primo ad aggiungerne!!

MARC

LEADER 00000nam a2200000 4500
001 0122147
005 20240318122947.9
041 0 |a slo 
044 |a SK 
245 1 0 |a Odmeňovanie zamestnancov podniku  |b diplomová práca  |c Andrea Hajníková ; škol. Peter Fabian 
264 1 |a Bratislava  |c 2010 
300 |a 72 s. 
100 1 |a Hajníková, Andrea 
700 1 |a Fabian, Peter 
710 2 |a Ekonomická univerzita v Bratislave. Fakulta podnikového manažmentu